Linear algebra: with applications (Record no. 55133)
[ view plain ]
| 000 -LEADER | |
|---|---|
| fixed length control field | 00835nam a2200253 a 4500 |
| 001 - CONTROL NUMBER | |
| control field | adlib96000001 |
| 003 - CONTROL NUMBER IDENTIFIER | |
| control field | ViArRB |
| 005 - DATE AND TIME OF LATEST TRANSACTION | |
| control field | 200902210153555.7 |
| 008 - FIXED-LENGTH DATA ELEMENTS--GENERAL INFORMATION | |
| fixed length control field | 960221s1955 dcuabcdjdbkoqu001 0deng d |
| 020 ## - INTERNATIONAL STANDARD BOOK NUMBER | |
| International Standard Book Number | 9780763746315 |
| 022 ## - INTERNATIONAL STANDARD SERIAL NUMBER | |
| International Standard Serial Number | |
| 040 ## - CATALOGING SOURCE | |
| Original cataloging agency | Adlib |
| 082 ## - DEWEY DECIMAL CLASSIFICATION NUMBER | |
| Classification number | 512.64 |
| 100 ## - MAIN ENTRY--PERSONAL NAME | |
| Personal name | Williams Gareth |
| Relator term | |
| 245 ## - TITLE STATEMENT | |
| Title | Linear algebra: with applications |
| 250 ## - EDITION STATEMENT | |
| Edition statement | |
| 260 ## - PUBLICATION, DISTRIBUTION, ETC. (IMPRINT) | |
| Place of publication, distribution, etc | Sudbury |
| Name of publisher, distributor, etc | Jones and Bartlett publishers |
| Date of publication, distribution, etc | 2008 |
| 300 ## - PHYSICAL DESCRIPTION | |
| Extent | xvi, 544p. |
| Dimensions | |
| 500 ## - GENERAL NOTE | |
| General note | |
| 653 ## - INDEX TERM--UNCONTROLLED | |
| Uncontrolled term | Mathematics |
| -- | Number theory |
| -- | Set theory |
| -- | Group theory |
| -- | Algebra |
| -- | Number theory |
| -- | Probabilities |
| -- | Group theory |
| -- | Linear algebra |
| -- | numerical linear algebra |
| -- | Vector spaces |
| 700 ## - ADDED ENTRY--PERSONAL NAME | |
| Personal name | |
| -- | |
| 942 ## - ADDED ENTRY ELEMENTS (KOHA) | |
| Koha item type | Books |
| Withdrawn status | Lost status | Damaged status | Not for loan | Home library | Current library | Date acquired | Total Checkouts | Total Renewals | Full call number | Barcode | Date last seen | Date checked out | Price effective from | Koha item type |
|---|---|---|---|---|---|---|---|---|---|---|---|---|---|---|
| University Library | University Library | 16/06/2010 | 24 | 2 | 512.64 WIL | 00061723 | 03/01/2026 | 12/12/2025 | 16/06/2010 | Books |
